000 05865fam a2200433 a 4500
001 1949008
003 ARRUPE
005 20150808020016.0
008 960418s1996 enkb b 001 0 eng
010 _a 96002791
020 _a0192892746 (pbk.)
020 _a9780192892744 (pbk.)
035 _a(OCoLC)34623037
035 _a(OCoLC)ocm34623037
035 _a(NNC)1949008
040 _aDLC
_cDLC
_dNNC
_dOrLoB-B
050 0 0 _aGN495.6
_b.E8845
245 0 0 _aEthnicity /
_cedited by John Hutchinson and Anthony D. Smith.
260 _aOxford ;
_aNew York :
_bOxford University Press,
_c1996.
263 _a9611
300 _aix, 448 p. :
_bmaps,
_c22 cm.
490 1 _aOxford readers
504 _aIncluded bibliographical references and index.
505 0 0 _g1.
_tEthnicity and Minority Groups /
_rRichard Schermerhorn --
_g2.
_tHistory and Ethnicity /
_rElisabeth Tonkin, Maryon McDonald and Malcolm Chapman --
_g3.
_tThe Core Elements of Ethnicity /
_rManning Nash --
_g4.
_tEthnicity, Race, Class and Nation /
_rThomas H. Eriksen --
_g5.
_tThe Origins of Ethnic Groups /
_rMax Weber --
_g6.
_tPrimordial Ties /
_rClifford Geertz --
_g7.
_tThe Poverty of Primordialism /
_rJack Eller and Reed Coughlan --
_g8.
_tThe Inexpungeable Tie of Primordiality /
_rSteven Grosby --
_g9.
_tDoes Race Matter? /
_rPierre van den Berghe --
_g10.
_tEthnicity as Being, Doing and Knowing /
_rJoshua Fishman --
_g11.
_tBeyond Reason: The Nature of the Ethnonational Bond /
_rWalker Connor --
_g12.
_tEthnic Groups and Boundaries /
_rFredrik Barth --
_g13.
_tEthnicity and Politics /
_rAbner Cohen --
_g14.
_tEthnic Groups and Ethnic Identity Formation /
_rPaul R. Brass --
_g15.
_tEthnicity and Rational Choice Theory /
_rMichael Hechter --
_g16.
_tThe Actor's Model of Ethnic Relations /
_rMichael Banton --
505 8 0 _g17.
_tPre-modern Polyethnicity and Ethnic Homogeneity /
_rWilliam H. McNeill --
_g18.
_tThe Ancient Greeks and their Nation /
_rMoses Finley --
_g19.
_tThe Cultural Roots of Modern Japan /
_rJean-Pierre Lehmann --
_g20.
_tArchetypal Diasporas /
_rJohn Armstrong --
_g21.
_tLanguage and Ethnicity in Medieval Europe /
_rRobert Bartlett --
_g22.
_tBeyond the Melting Pot /
_rNathan Glazer and Daniel P. Moynihan --
_g23.
_tEthnicity and Social Change /
_rDaniel Bell --
_g24.
_tSymbolic Ethnicity /
_rHerbert J. Gans --
_g25.
_tThe Making of Black Identities /
_rWinston James --
_g26.
_tThe New Ethnicities /
_rStuart Hall --
_g27.
_tFictive Ethnicity and Ideal Nation /
_rEtienne Balibar --
_g28.
_tCivic and Ethnic Nations in France and Germany /
_rRogers Brubaker --
_g29.
_tOld Tribes and Imposed Nation-States in the Middle East /
_rBassam Tibi --
_g30.
_tMiddlemen Minorities /
_rWalter Zenner --
_g31.
_tChosen Peoples /
_rAnthony D. Smith --
_g32.
_tReligion and Ethnicity /
_rCynthia Enloe --
_g33.
_tOrthodoxy and Nationalism /
_rPaschalis Kitromilides --
505 8 0 _g34.
_tEthnic and Political Nations in Europe /
_rJaroslav Krejci and Vitezslav Velimsky --
_g35.
_tDiaspora and Language /
_rJacob Landau --
_g36.
_tSymbolic Ethnicity and Language /
_rJohn Edwards --
_g37.
_tThe Creation of Ethnicity in South Africa /
_rLeRoy Vail --
_g38.
_tThe Plural Society /
_rM. G. Smith --
_g39.
_tMulticulturalism in Europe /
_rJohn Rex --
_g40.
_tThe Idea of 'Race' in Modern China /
_rFrank Dikotter --
_g41.
_tPan-Africanism and European Imperialism /
_rImmanuel Geiss --
_g42.
_tThe Aryan Myth and Biblical Universalism /
_rLeon Poliakov --
_g43.
_tGenocide and the Plural Society /
_rLeo Kuper --
_g44.
_tThe Armenian Genocide and the Holocaust /
_rHelen Fein --
_g45.
_tInternal Colonialism /
_rJohn Stone --
_g46.
_tEthnic Soldiers /
_rCynthia Enloe --
_g47.
_tSymbolic Politics and Ethnic Status /
_rDonald Horowitz --
_g48.
_tIndigenous Peoples and the State in Latin America /
_rFlorencia E. Mallon --
_g49.
_tEthnicity and Politics in Pakistan: The Baluch Case /
_rSelig S. Harrison --
505 8 0 _g50.
_tThe Politics of Ethnicity in India /
_rPaul Brass --
_g51.
_tEthnicity, Nationalism and Democracy in South-East Asia /
_rDavid Brown --
_g52.
_tWomen, Ethnicity, and Nationalism /
_rDeniz Kandiyoti --
_g53.
_tDiasporas and International Relations /
_rMilton J. Esman --
_g54.
_tSelf-Determination as an International Issue /
_rHakan Wiberg --
_g55.
_tConflict-Regulation in Deeply Divided Societies /
_rSammy Smooha and Theodor Hanf --
_g56.
_tEliminating and Managing Ethnic Differences /
_rJohn McGarry and Brendan O'Leary --
_g57.
_tPost-Soviet Ethnic Conflict and International Politics /
_rRay Taras --
_g58.
_tFrom Ethnic to Civic Nationalism: English Canada and Quebec /
_rRaymond Breton --
_g59.
_tEthnic Nationalism in the Late Twentieth Century /
_rEric Hobsbawm --
_g60.
_tAustralia: Multi-Ethnic Community Without Nationalism? /
_rSteven Castles, Bill Cope, Mary Kalantzis and Michael Morrissey --
_g61.
_tThe Post-Modern Revival of Ethnicity /
_rAlberto Melucci --
505 8 0 _g62.
_tGlobalization and Ethno-Cultural Differences /
_rKosaku Yoshino --
_g63.
_tEthnicity and Multiculturalism in Immigrant Societies /
_rJohn Hutchinson.
520 _aAlthough the term 'ethnicity' is recent, the sense of kinship, group solidarity, and common culture to which it refers is as old as the historical record: ethnic communities have been present in every period and continent.
520 8 _aEthnic identity is often associated with conflict, particularly with political struggles in various parts of the world, but there is no essential connection between ethnicity and conflict. So why is the nature of ethnicity so contentious? Can ethnic conflict ever be resolved? This Oxford Reader includes extracts by all the major contributors to debates on this important concept.
650 0 _aEthnicity.
_910325
650 0 _aEthnic relations
_xPolitical aspects.
_910326
650 0 _aNationalism.
_910327
700 1 _aHutchinson, John,
_d1949-
_910328
700 1 _aSmith, Anthony D.
_910329
830 0 _aOxford readers.
_910330
900 _bTOC
942 _2lcc
_cMONOGRAPH
_01
999 _c120530
_d120530